000 00669nam a2200193 4500
001 118567
003 ES-MaACL
005 20230906191127.0
007 t|
008 070214s1955 sp r ||||1| spa d
100 1 _aParente, Pietro.
_989090
245 1 0 _aDiccionario de Teología dogmática /
_cPietro Parente, Antonio Piolanti, Salvatore Garofalo ; versión del italiano por Francisco Navarro.
260 _aBarcelona :
_bEd. Litúrgica Española,
_c1955.
300 _aXXVIII, 389 p. ;
_c19 cm.
700 1 _aPiolanti, Antonio.
_992304
700 1 _aGarofalo, Salvatore.
_955623
700 1 _aNavarro, Francisco.
_985066
852 _aES-MaACL
_jC-17277
_bR.45096
999 _c118567
_d118567